000 00194 a2200097 4500
001 1201
100 _a
245 _aGlennis new auto repair manual
260 _a
_bChilton
_c
090 _c763
_d763
942 _aNUST-CAE
_c
_c34300
999 _c236274
_d236274